Methods in biostatistics for medical students / Keith Black. (Record no. 22075)

000 -LEADER
fixed length control field 00529nam a22001697a 4500
020 ## - INTERNATIONAL STANDARD BOOK NUMBER
ISBN 9781835353561
082 ## - DEWEY DECIMAL CLASSIFICATION NUMBER
Classification number 610.15195
Item number B6276 2025
100 ## - MAIN ENTRY--AUTHOR NAME
Personal name Black, Keith, author.
245 ## - TITLE STATEMENT
Title Methods in biostatistics for medical students / Keith Black.
260 ## - PUBLICATION, DISTRIBUTION, ETC. (IMPRINT)
Place of publication United Kingdom, EN :
Name of publisher MedPlus,
Year of publication ©2025.
300 ## - PHYSICAL DESCRIPTION
Number of Pages ix, 290 pages ;
Other physical details 29 cm.
500 ## - GENERAL NOTE
General note Includes bibliographical references.
650 ## - SUBJECT ADDED ENTRY--TOPICAL TERM
Topical Term Biometry.
650 ## - SUBJECT ADDED ENTRY--TOPICAL TERM
Topical Term Medical statistics.
650 ## - SUBJECT ADDED ENTRY--TOPICAL TERM
Topical Term Medicine -- Research -- Statistical methods.
942 ## - ADDED ENTRY ELEMENTS (KOHA)
Koha item type Books
Holdings
Source of acquisition Permanent Location Date acquired Koha item type Collection code Accession Number Lost status Shelving location Withdrawn status Current Location Full call number
SchoolCagayan State University - Carig Library2026-04-13BooksMedicineM002837 Medical Library Cagayan State University - Carig Library610.15195 B6276 2025

Cagayan State University University Library, Carig Campus
Tuguegarao City, Cagayan 3500 | www.csucarig.edu.ph

Powered by Koha